000 00274nam a2200109Ia 4500
005 20251222154439.0
008 251222s9999||||xx |||||||||||||| ||spa||
082 _a641.5/V39/Ej.2
100 _a"Vega, Luis Antonio De"
245 0 _aViaje por la cocina espaƱola
942 _cLIB
999 _c36741
_d36741